|
|
|
|
| LEADER |
01136nam a2200349 4500 |
| 001 |
000009741 |
| 003 |
5939 |
| 005 |
20111102071129.0 |
| 008 |
111102s1997 viesd |
| 020 |
|
|
|c 26000đ
|
| 041 |
0 |
|
|a vie
|
| 082 |
|
|
|a 401.43
|b HU-J
|
| 100 |
0 |
|
|a Hurford James. R.
|e Tác giả
|
| 245 |
|
0 |
|a Giáo trình ngữ nghĩa học
|c James R. Hurford(Tác giả); Nguyễn Minh(Chú dẫn)
|
| 246 |
|
|
|a Semantics A Coursebook
|
| 260 |
|
|
|a Tp. Hồ Chí Minh
|b Nxb Trẻ
|c 1997
|
| 300 |
|
|
|a 293 tr.
|c 21 cm
|
| 653 |
|
|
|a Sách tiếng anh
|
| 653 |
|
|
|a Ngữ nghĩa học
|
| 653 |
|
|
|a Giáo trình
|
| 700 |
|
|
|a Nguyễn Minh
|e Chú dẫn
|
| 910 |
|
|
|a duyên
|
| OWN |
|
|
|a LSP
|
| AVA |
|
|
|a UDN50
|b LSP
|d 401.43 HU-J
|e available
|t Error 5001 Not defined in file expand_doc_bib_avail.
|f 3
|g 0
|h N
|i 0
|k 1
|
| 999 |
|
|
|a From the UDN01
|
| AVA |
|
|
|a UDN50
|b LSP
|d 401.43 HU-J
|e available
|t Error 5001 Not defined in file expand_doc_bib_avail.
|f 3
|g 0
|h N
|i 0
|k 1
|
| TYP |
|
|
|a Monograph
|
| TYP |
|
|
|a Printed language
|
| 980 |
|
|
|a Mạng thư viện Đại học Đà Nẵng
|